000 00907nam a2200289 i 4500
001 000017284
003 DO-SdBNP
005 20240412074246.0
007 ta
008 100322s1982 dr 000 j spa d
040 _aDO-SdBNP
_bspa
_cBNPHU
_erda
082 4 _aRD863.44
_bV443f
_222
100 1 _aVeloz Maggiolo, Marcio,
_d1936-2021
_eautor
_91104
245 1 3 _aLa fértil agonía del amor /
_cMarcio Veloz Maggiolo.
264 _aSanto Domingo :
_bTaller,
_c1982.
300 _a127 páginas ;
_c21 cm.
336 _2rdacontent
_atexto
_btxt
337 _2rdamedia
_asin mediación
_bn
338 _2rdacarrier
_avolumen
_bnc
490 _aBiblioteca Taller
_v131
586 _aPremio Nacional de Cuentos 1980
590 _aInventariado, 2020 / DG
650 0 _aCuentos dominicanos
_9176
650 0 _aLiteratura dominicana.
_967
910 _aValidado. Control de calidad MMOLINA
942 _2ddc
_cLBS1
999 _c16809
_d16809